000 00259nam a22001217a 4500
008 171027b xxu||||| |||| 00| 0 eng d
041 _aeng
080 _a336
100 _a56
101 _aFIN
245 _aFINANCIAL DERIVATIVES
_cKOLB,R.W
942 _2udc
_cBK
999 _c36096
_d36096